[Event "16. Torneo San Viator"]
[Site "Madrid ESP"]
[Date "2016.04.24"]
[Round "4.15"]
[White "Jimenez Gonzalez, Marcos"]
[Black "Del Noval Nemeshazi, Nesztor"]
[Result "0-1"]
[WhiteElo "1788"]
[BlackElo "1920"]
[PlyCount "96"]
[EventDate "2016.04.03"]
[EventType "swiss"]
[EventRounds "9"]
[EventCountry "ESP"]
[Source "lmi"]
[SourceDate "2016.04.03"]

1. g4 d5 2. h3 c5 3. Bg2 e6 4. c4 Nc6 5. Nc3 Nge7 6. cxd5 exd5 7. d3 b6 8. Nf3
Bb7 9. Bg5 f6 10. Bf4 Ng6 11. Bg3 Bd6 12. Bxd6 Qxd6 13. Nb5 Qd7 14. Qd2 O-O-O
15. a4 h5 16. g5 h4 17. O-O d4 18. Rfc1 Kb8 19. Na3 Qf5 20. Nc4 Nf4 21. a5 b5
22. a6 Bc8 23. Na5 Nb4 24. Qxb4 cxb4 25. Nc6+ Kc7 26. Ncxd4+ Kb8 27. Nxf5 Nxe2+
28. Kh2 Nxc1 29. Ne7 Nb3 30. Rd1 Kc7 31. d4 Kd6 32. Ng6 Rh5 33. Nf4 Rxg5 34.
Nxg5 fxg5 35. Ng6 Bxa6 36. Ne5 Ke6 37. Nc6 Rf8 38. d5+ Kd6 39. Nxb4 Bc8 40. Kg1
a5 41. Nc6 a4 42. Na7 b4 43. Nc6 Rf4 44. Rd3 a3 45. bxa3 Nc5 46. Rd1 bxa3 47.
Nd4 Ba6 48. Ne2 Bxe2 0-1

[Event "16. Torneo San Viator"]
[Site "Madrid ESP"]
[Date "2016.04.24"]
[Round "4.16"]
[White "Gonzalez-Ruano Perez, Cesar"]
[Black "Blanco Diez, David"]
[Result "1-0"]
[WhiteElo "1918"]
[BlackElo "1819"]
[PlyCount "43"]
[EventDate "2016.04.03"]
[EventType "swiss"]
[EventRounds "9"]
[EventCountry "ESP"]
[Source "lmi"]
[SourceDate "2016.04.03"]

1. e4 e5 2. Nf3 Nc6 3. d4 exd4 4. Nxd4 Nf6 5. Nxc6 bxc6 6. Qe2 Bb4+ 7. c3 Bc5
8. e5 Nd5 9. c4 Nb6 10. Nc3 O-O 11. Bd2 Ba6 12. O-O-O Bxc4 13. Qg4 Be6 14. Qg3
Re8 15. Ne4 Bf8 16. Bg5 Be7 17. Nf6+ Kh8 18. Qh4 Bxf6 19. exf6 g6 20. Qh6 Rg8
21. Rd4 Qf8 22. Qxh7+ 1-0

[Event "16. Torneo San Viator"]
[Site "Madrid ESP"]
[Date "2016.04.24"]
[Round "4.17"]
[White "Calvo De Castro, Miguel"]
[Black "Martinez De Navascues, Francisco"]
[Result "1-0"]
[WhiteElo "1759"]
[BlackElo "1912"]
[PlyCount "47"]
[EventDate "2016.04.03"]
[EventType "swiss"]
[EventRounds "9"]
[EventCountry "ESP"]
[Source "lmi"]
[SourceDate "2016.04.03"]

1. e4 d5 2. exd5 Nf6 3. c4 e6 4. dxe6 Bxe6 5. Nf3 Qe7 6. Be2 Bxc4 7. d3 Be6 8.
O-O Nbd7 9. Nd4 O-O-O 10. Nc3 Nd5 11. Qa4 N7b6 12. Qxa7 Qh4 13. Nxe6 fxe6 14.
Nxd5 exd5 15. a4 Bd6 16. g3 Qb4 17. Bd2 Qxd2 18. Bg4+ Rd7 19. a5 Qg5 20. axb6
c5 21. Bxd7+ Kxd7 22. Qxb7+ Ke6 23. Rfe1+ Kf6 24. Qd7 1-0

[Event "16. Torneo San Viator"]
[Site "Madrid ESP"]
[Date "2016.04.24"]
[Round "4.18"]
[White "Matesanz Bonastre, Rafael"]
[Black "Romero Alfonso, Carlos"]
[Result "0-1"]
[WhiteElo "1732"]
[BlackElo "1870"]
[PlyCount "114"]
[EventDate "2016.04.03"]
[EventType "swiss"]
[EventRounds "9"]
[EventCountry "ESP"]
[Source "lmi"]
[SourceDate "2016.04.03"]

1. e4 c5 2. Nc3 Nc6 3. f4 g6 4. Nf3 Bg7 5. Bc4 e6 6. O-O Nge7 7. Qe1 O-O 8. e5
d5 9. Bb5 a6 10. Bxc6 Nxc6 11. Qf2 b6 12. d3 f6 13. Qg3 fxe5 14. fxe5 Rf5 15.
Bf4 Qc7 16. Nh4 Rf7 17. Rae1 Bb7 18. Nxd5 exd5 19. e6 Bd4+ 20. Kh1 Rxf4 21.
Rxf4 Be5 22. Nxg6 Bxf4 23. Nxf4+ Qg7 24. Qxg7+ Kxg7 25. Nxd5 Nb4 26. Nxb6 Rg8
27. Rf1 Kh8 28. Rf2 Re8 29. Re2 Nxc2 30. Nc4 Nd4 31. Nd6 Rf8 32. Nf7+ Kg7 33.
Re1 Nxe6 34. Nd6 Bd5 35. Kg1 Nf4 36. Ne8+ Kg6 37. Nc7 Nxd3 38. Rd1 Be4 39. Ne6
Rf6 40. Nc7 Nxb2 41. Rd2 Nc4 42. Re2 Bd3 43. Re1 Nd2 44. Rd1 Rf1+ 45. Rxf1 Bxf1
46. Kf2 Bc4 47. a4 a5 48. Ne8 Bb3 49. Nd6 Bxa4 50. Nb7 Nb3 51. Ke3 Bc6 52. Nd6
a4 53. Nc4 Bxg2 54. Ke2 Bb7 55. Kd1 Ba6 56. Na3 Bd3 57. Ke1 Kg5 0-1

[Event "16. Torneo San Viator"]
[Site "Madrid ESP"]
[Date "2016.04.24"]
[Round "4.19"]
[White "Rodriguez Camarillo, Diana"]
[Black "Soderstrom, Henrik"]
[Result "1-0"]
[WhiteElo "1676"]
[BlackElo "1862"]
[PlyCount "113"]
[EventDate "2016.04.03"]
[EventType "swiss"]
[EventRounds "9"]
[EventCountry "ESP"]
[Source "lmi"]
[SourceDate "2016.04.03"]

1. Nf3 c5 2. c4 Nc6 3. g3 e5 4. d3 g6 5. Nbd2 Bg7 6. Bg2 Nge7 7. a3 O-O 8. Qc2
d6 9. O-O h6 10. Rb1 Rb8 11. b4 Nd4 12. Nxd4 exd4 13. Ne4 b6 14. bxc5 dxc5 15.
Nxc5 Bf5 16. Ne4 Kh7 17. Bf4 Rc8 18. Nd6 Qd7 19. Nxc8 Rxc8 20. Qb3 Bh3 21. Qb5
Qe6 22. Rfe1 Bxg2 23. Kxg2 Rc5 24. Qa4 Rh5 25. Rh1 Nc6 26. h4 Ra5 27. Qd1 Rxa3
28. Re1 Be5 29. Qd2 Bg7 30. Ra1 Rb3 31. Reb1 Rc3 32. Rc1 Rb3 33. Qc2 Rb4 34.
Bd2 Bf8 35. Bxb4 Bxb4 36. Ra4 a5 37. Rxb4 Nxb4 38. Qb2 Qe5 39. Qd2 Qe6 40. Rb1
Qe5 41. Rb2 Kg7 42. Kf3 f5 43. Rb1 Qe6 44. Kg2 Qe5 45. Rb2 Qe6 46. Qf4 Qd7 47.
Qe5+ Kh7 48. Qf6 Qb7+ 49. Kg1 Nc6 50. h5 gxh5 51. Qxf5+ Kg7 52. Qxh5 Qc7 53.
Qg4+ Kh7 54. Rb5 a4 55. Rd5 Ne7 56. Rd7 Qc5 57. Qe4+ 1-0

[Event "16. Torneo San Viator"]
[Site "Madrid ESP"]
[Date "2016.04.24"]
[Round "4.20"]
[White "Cervino Rossel, Cristobal"]
[Black "Vaquerizo Calvo, Miguel A"]
[Result "1-0"]
[WhiteElo "2121"]
[BlackElo "1797"]
[PlyCount "70"]
[EventDate "2016.04.03"]
[EventType "swiss"]
[EventRounds "9"]
[EventCountry "ESP"]
[Source "lmi"]
[SourceDate "2016.04.03"]

1. d4 Nf6 2. Nf3 c5 3. g3 g6 4. Bg2 Bg7 5. O-O cxd4 6. Nxd4 Nc6 7. c4 O-O 8.
Nc3 Qb6 9. Nc2 d6 10. b3 Be6 11. Rb1 Qa5 12. Bd2 Qh5 13. e4 Bg4 14. f3 Bh3 15.
g4 Qh4 16. Bxh3 Qxh3 17. Ne2 Nd7 18. Ne3 e5 19. Ng3 Nc5 20. Nd5 Ne6 21. Be3 Bh6
22. Qd2 Bxe3+ 23. Qxe3 Kg7 24. Rb2 Ncd4 25. Rg2 Kh8 26. Nf5 gxf5 27. gxf5 Nf4
28. Nxf4 exf4 29. Qxd4+ f6 30. Qxd6 Rad8 31. Qxf4 Rg8 32. Rg3 Rxg3+ 33. hxg3
Rf8 34. g4 Qh4 35. Kg2 Qh6 1-0

[Event "16. Torneo San Viator"]
[Site "Madrid ESP"]
[Date "2016.04.24"]
[Round "4.21"]
[White "Rosa Ramirez, Victor D"]
[Black "Martin Lozano, Miguel Angel"]
[Result "1-0"]
[WhiteElo "1972"]
[BlackElo "1777"]
[PlyCount "83"]
[EventDate "2016.04.03"]
[EventType "swiss"]
[EventRounds "9"]
[EventCountry "ESP"]
[Source "lmi"]
[SourceDate "2016.04.03"]

1. e4 e6 2. d4 d5 3. e5 c5 4. c3 Nc6 5. Be3 cxd4 6. cxd4 Nh6 7. a3 Nf5 8. Nf3
Be7 9. Bd3 O-O 10. O-O Qb6 11. b4 Bd7 12. Nc3 Nxe3 13. fxe3 f6 14. exf6 gxf6
15. Rc1 f5 16. b5 Na5 17. Ne5 Qd8 18. Rf3 Be8 19. Rg3+ Kh8 20. Qf3 Bxa3 21. Rf1
Bd6 22. Qf4 Qc7 23. Qh6 Qe7 24. Ng6+ Bxg6 25. Rxg6 Bb4 26. Ne2 Rg8 27. Rxe6 Qg5
28. Qxg5 Rxg5 29. Rxf5 Rag8 30. Ng3 Be1 31. Rf7 R5g7 32. Rxg7 Rxg7 33. Nh5 Rg8
34. Re7 Rf8 35. Rxh7+ Kg8 36. Nf4 Nb3 37. Rxb7 Rxf4 38. exf4 Nxd4 39. Rxa7 Bd2
40. g3 Be3+ 41. Kg2 Nxb5 42. Ra8+ 1-0

[Event "16. Torneo San Viator"]
[Site "Madrid ESP"]
[Date "2016.04.24"]
[Round "4.22"]
[White "Sanchez Gomez, Emiliano"]
[Black "Marin Aso, Jose Luis"]
[Result "0-1"]
[WhiteElo "1800"]
[BlackElo "1881"]
[PlyCount "46"]
[EventDate "2016.04.03"]
[EventType "swiss"]
[EventRounds "9"]
[EventCountry "ESP"]
[Source "lmi"]
[SourceDate "2016.04.03"]

1. e4 g6 2. d4 Bg7 3. Nf3 d6 4. h3 a6 5. c4 c5 6. Be2 Nc6 7. Be3 Qb6 8. Nc3
cxd4 9. Nd5 Qa5+ 10. Bd2 Qd8 11. Rb1 e6 12. Nf4 Nf6 13. Qc2 e5 14. Nd5 Nxe4 15.
Qxe4 Bf5 16. Qh4 Qxh4 17. Nxh4 Bxb1 18. Nc7+ Kd7 19. Nxa8 Rxa8 20. O-O Bxa2 21.
Ra1 Bb3 22. Ra3 Bc2 23. g4 e4 0-1

[Event "16. Torneo San Viator"]
[Site "Madrid ESP"]
[Date "2016.04.24"]
[Round "4.23"]
[White "Sotoca Aguado, Jose"]
[Black "Garcia Seijas, Adrian"]
[Result "1-0"]
[WhiteElo "1873"]
[BlackElo "1673"]
[PlyCount "76"]
[EventDate "2016.04.03"]
[EventType "swiss"]
[EventRounds "9"]
[EventCountry "ESP"]
[Source "lmi"]
[SourceDate "2016.04.03"]

1. d4 Nf6 2. c4 g6 3. Nc3 Bg7 4. e4 d6 5. f3 Nbd7 6. Be3 c5 7. Qd2 cxd4 8. Bxd4
Ne5 9. Bxe5 dxe5 10. Qxd8+ Kxd8 11. Rd1+ Bd7 12. Nh3 h6 13. Be2 e6 14. O-O Ke7
15. Nf2 Rac8 16. Rd2 Rhd8 17. Rfd1 Nh5 18. g3 Nf6 19. b4 b6 20. a3 Ne8 21. g4
Bh8 22. Kg2 Ng7 23. h3 f5 24. Kh2 h5 25. gxf5 gxf5 26. h4 Be8 27. Nh3 Bg6 28.
Ng5 Ne8 29. Rxd8 Rxd8 30. Rxd8 Kxd8 31. Nxe6+ Ke7 32. Ng5 Kd6 33. Nb5+ Kd7 34.
Nxa7 Nd6 35. c5 bxc5 36. bxc5 Nb7 37. c6+ Kc7 38. cxb7 Kxb7 1-0

[Event "16. Torneo San Viator"]
[Site "Madrid ESP"]
[Date "2016.04.24"]
[Round "4.24"]
[White "Rodriguez Garcia, Alberto"]
[Black "Giralda Gomez, David"]
[Result "1/2-1/2"]
[WhiteElo "1762"]
[BlackElo "1856"]
[PlyCount "135"]
[EventDate "2016.04.03"]
[EventType "swiss"]
[EventRounds "9"]
[EventCountry "ESP"]
[Source "lmi"]
[SourceDate "2016.04.03"]

1. d4 d6 2. c4 e5 3. dxe5 dxe5 4. Qxd8+ Kxd8 5. Nc3 c6 6. Nf3 f6 7. e3 Be6 8.
Bd3 Kc7 9. a3 a5 10. O-O Nh6 11. Bd2 Be7 12. Rfc1 Na6 13. Na4 Nc5 14. Nxc5 Bxc5
15. b4 axb4 16. axb4 Be7 17. Rxa8 Rxa8 18. Bxh7 Ra4 19. Bc2 Ra2 20. Bd3 g5 21.
Bc3 Ra3 22. Ne1 Nf7 23. c5 g4 24. Bb1 Ng5 25. f4 Nf7 26. f5 Bd7 27. e4 Bf8 28.
Bd3 Bh6 29. Rc2 Be3+ 30. Kf1 b6 31. Bb2 Ra8 32. Re2 Bh6 33. Kf2 Bf8 34. cxb6+
Kxb6 35. Bc3 Ra3 36. Bd2 Nd6 37. Re3 Be8 38. Be2 Ra2 39. Bc3 Bh6 40. Rd3 Nxe4+
41. Kf1 Bf7 42. Bd4+ Kc7 43. Be3 Bxe3 44. Rxe3 Nd2+ 45. Kg1 Nc4 46. Re4 Bd5 47.
Bxc4 Bxe4 48. Bxa2 Kb6 49. Bc4 c5 50. b5 Bxf5 51. Kf2 Bd7 52. Ke2 Bxb5 53. Bxb5
Kxb5 54. h4 gxh3 55. gxh3 Kc6 56. Ke3 Kd5 57. Nd3 f5 58. h4 c4 59. Ne1 f4+ 60.
Kf3 Ke6 61. Kg4 Kf6 62. h5 c3 63. Nc2 Kg7 64. Ne1 Kh6 65. Nc2 f3 66. Kxf3 Kxh5
67. Ke4 Kg4 68. Kxe5 1/2-1/2

[Event "16. Torneo San Viator"]
[Site "Madrid ESP"]
[Date "2016.04.24"]
[Round "4.25"]
[White "De Juan Rivas, Antonio"]
[Black "Perez Gonzalez, Daniel"]
[Result "0-1"]
[WhiteElo "1667"]
[BlackElo "1849"]
[PlyCount "72"]
[EventDate "2016.04.03"]
[EventType "swiss"]
[EventRounds "9"]
[EventCountry "ESP"]
[Source "lmi"]
[SourceDate "2016.04.03"]

1. f4 d5 2. Nf3 Bg4 3. e3 Nd7 4. h3 Bxf3 5. Qxf3 e5 6. Qxd5 Qh4+ 7. Ke2 O-O-O
8. Qf3 Nh6 9. g3 Qe7 10. Bg2 c6 11. Nc3 Nc5 12. d3 exf4 13. gxf4 Ne6 14. Kf2
Nf5 15. Qg4 g6 16. h4 h5 17. Qh3 Bg7 18. Ne4 Rhe8 19. Ng3 Nh6 20. Bf3 Qc5 21.
Bd1 f5 22. Ne2 Ng4+ 23. Kf1 Nc7 24. d4 Qe7 25. c3 Nd5 26. Qf3 Ndxe3+ 27. Bxe3
Qxe3 28. Qxe3 Rxe3 29. Bb3 Rd7 30. Rd1 Rde7 31. Rd2 Rf3+ 32. Kg1 Bh6 33. Bd1
Ne3 34. Bb3 Rf1+ 35. Kh2 Rf2+ 36. Kg1 Rg2# 0-1

[Event "16. Torneo San Viator"]
[Site "Madrid ESP"]
[Date "2016.04.24"]
[Round "4.26"]
[White "Strejoiv, Christian Ionut"]
[Black "Cano Mercado, Francisco Manuel"]
[Result "0-1"]
[WhiteElo "1139"]
[BlackElo "1824"]
[PlyCount "74"]
[EventDate "2016.04.03"]
[EventType "swiss"]
[EventRounds "9"]
[EventCountry "ESP"]
[Source "lmi"]
[SourceDate "2016.04.03"]

1. e4 e6 2. d4 d5 3. Nc3 Nf6 4. e5 Nfd7 5. Nf3 c5 6. Be2 cxd4 7. Nxd4 Nxe5 8.
Bf4 Nec6 9. Bb5 Bd7 10. Nxc6 Nxc6 11. O-O Be7 12. Bd3 a6 13. Ne2 Nb4 14. Ng3
Nxd3 15. cxd3 O-O 16. d4 g6 17. Bh6 Re8 18. f4 Bf6 19. Ne2 Bb5 20. Rf2 Qb6 21.
Kh1 Bxe2 22. Qxe2 Qxd4 23. Raf1 Rac8 24. f5 exf5 25. Qf3 Qe4 26. Qxe4 dxe4 27.
h3 Bh4 28. Re2 Bg3 29. Re3 Be5 30. b3 Rc2 31. a4 Bd4 32. Rg3 Bf2 33. Rxf2 Rxf2
34. Rc3 f4 35. Kg1 e3 36. g3 e2 37. Rc1 fxg3 0-1

[Event "16. Torneo San Viator"]
[Site "Madrid ESP"]
[Date "2016.04.24"]
[Round "4.27"]
[White "Sirera Ripoll, Jose Luis"]
[Black "Vicente Valentin, David"]
[Result "1-0"]
[WhiteElo "1821"]
[BlackElo "1399"]
[PlyCount "59"]
[EventDate "2016.04.03"]
[EventType "swiss"]
[EventRounds "9"]
[EventCountry "ESP"]
[Source "lmi"]
[SourceDate "2016.04.03"]

1. e4 c5 2. Nc3 d6 3. f4 Nc6 4. Nf3 e5 5. Bc4 Be7 6. d3 Nf6 7. O-O Bg4 8. h3
Bd7 9. Qe1 Nh5 10. fxe5 dxe5 11. Ng5 O-O 12. Nxf7 Qb8 13. Nxe5+ Kh8 14. Nxd7
Rxf1+ 15. Qxf1 Qg3 16. Bd2 Bd6 17. Ne2 Qh2+ 18. Kf2 Bg3+ 19. Nxg3 Qxg3+ 20. Kg1
Nd4 21. Nxc5 Nxc2 22. Rc1 Ne3 23. Qf3 Qxf3 24. gxf3 Nxc4 25. Rxc4 b6 26. Ne6
Kg8 27. f4 Kf7 28. f5 g6 29. Rc7+ Kf6 30. Bc3# 1-0

[Event "16. Torneo San Viator"]
[Site "Madrid ESP"]
[Date "2016.04.24"]
[Round "4.28"]
[White "Lopez Ziegler, Juan Jose"]
[Black "De Vicente Guijarro, Juan"]
[Result "1/2-1/2"]
[WhiteElo "1609"]
[BlackElo "1761"]
[PlyCount "104"]
[EventDate "2016.04.03"]
[EventType "swiss"]
[EventRounds "9"]
[EventCountry "ESP"]
[Source "lmi"]
[SourceDate "2016.04.03"]

1. d4 d6 2. c4 f5 3. Nc3 Nf6 4. Bg5 e6 5. Nf3 Nbd7 6. e4 fxe4 7. Nxe4 Be7 8.
Bd3 Nxe4 9. Bxe7 Qxe7 10. Bxe4 O-O 11. O-O Nf6 12. Bd3 Bd7 13. Re1 Nh5 14. Rc1
Rae8 15. Bb1 Qf6 16. Qc2 g6 17. Qd2 Nf4 18. Rc3 Re7 19. Rce3 Rg7 20. Kh1 g5 21.
g3 Nh3 22. g4 c5 23. dxc5 Bc6 24. Kg2 h5 25. Kxh3 hxg4+ 26. Kg2 Bxf3+ 27. Kg1
Qh6 28. Qxd6 Qh3 29. Qxe6+ Kh8 30. Rxf3 Qxf3 31. Qh6+ Kg8 32. Qe6+ Qf7 33. Qd5
Kh8 34. Re2 Qc7 35. Qd6 Rd8 36. Qh6+ Kg8 37. Qe6+ Qf7 38. Qxf7+ Rxf7 39. Be4
Kg7 40. Bd5 Rc7 41. b4 a5 42. a3 axb4 43. axb4 Ra8 44. Rb2 Ra3 45. Kg2 Kf6 46.
f3 gxf3+ 47. Bxf3 Rc3 48. Bd5 Re7 49. Rf2+ Kg7 50. b5 Rc7 51. c6 bxc6 52. bxc6
Re3 1/2-1/2

[Event "16. Torneo San Viator"]
[Site "Madrid ESP"]
[Date "2016.04.24"]
[Round "4.29"]
[White "Rendo Quindos, Pedro"]
[Black "Gonzalez Hilla, Antonio"]
[Result "1-0"]
[WhiteElo "1572"]
[BlackElo "1484"]
[PlyCount "115"]
[EventDate "2016.04.03"]
[EventType "swiss"]
[EventRounds "9"]
[EventCountry "ESP"]
[Source "lmi"]
[SourceDate "2016.04.03"]

1. e4 c5 2. b3 Nc6 3. Bb2 d6 4. Bb5 Bd7 5. Nf3 Qb6 6. Bxc6 Bxc6 7. d3 e5 8. O-O
Ne7 9. Nbd2 Qc7 10. a4 a6 11. a5 Ng6 12. Nc4 Be7 13. Nb6 Rb8 14. Qd2 h6 15.
Rfc1 O-O 16. c3 Nf4 17. b4 Bb5 18. c4 Be8 19. bxc5 Qxc5 20. d4 Qc7 21. dxe5 Ne6
22. Nd5 Qd7 23. Nxe7+ Qxe7 24. exd6 Qd7 25. Ne5 Qd8 26. d7 Nc5 27. Qd5 Nxd7 28.
Ba3 Nxe5 29. Qxe5 Bc6 30. Bxf8 Qxf8 31. Rd1 Re8 32. Qc7 Rxe4 33. Rd8 Re8 34.
Rxe8 Qxe8 35. Rd1 Qe4 36. f3 Qxc4 37. Qd8+ Kh7 38. Qd3+ Qxd3 39. Rxd3 g5 40. g3
Kg6 41. Kf2 f6 42. Ke3 h5 43. Rd4 Kf5 44. h4 Ke5 45. f4+ gxf4+ 46. Rxf4 f5 47.
Rd4 Kf6 48. Kf4 Be4 49. Rd6+ Kg7 50. Kg5 Kf7 51. Kxh5 Ke7 52. Rh6 Kf7 53. Kg5
Kg7 54. Rf6 Bd3 55. Rxf5 Be4 56. Rf6 Bc6 57. Rxc6 bxc6 58. Kf5 1-0

[Event "16. Torneo San Viator"]
[Site "Madrid ESP"]
[Date "2016.04.24"]
[Round "4.30"]
[White "Ramirez De La Piscina G, Juan"]
[Black "Lopez Ziegler, Carlos"]
[Result "1-0"]
[WhiteElo "1656"]
[BlackElo "1953"]
[PlyCount "94"]
[EventDate "2016.04.03"]
[EventType "swiss"]
[EventRounds "9"]
[EventCountry "ESP"]
[Source "lmi"]
[SourceDate "2016.04.03"]

1. d4 Nf6 2. e3 d5 3. Bd3 c5 4. c3 Nc6 5. Nd2 e5 6. dxe5 Nxe5 7. Be2 Bd6 8.
Ngf3 Nc6 9. O-O O-O 10. Qc2 Re8 11. Bd3 Bg4 12. b3 Qd7 13. Bb2 Rad8 14. a3 a6
15. h3 c4 16. Be2 Bf5 17. Qd1 b5 18. Nd4 Nxd4 19. exd4 Bxh3 20. Re1 Bf5 21. a4
Bb8 22. b4 h5 23. axb5 axb5 24. Nf3 Ng4 25. Nh4 Qc7 26. Nf3 Be4 27. Ne5 Nxe5
28. dxe5 Qxe5 29. g3 h4 30. f4 Qc7 31. Bc1 hxg3 32. Bh5 Ba7+ 33. Rxa7 Qxa7+ 34.
Be3 g6 35. Bxa7 gxh5 36. Qxh5 Bg6 37. Rxe8+ Rxe8 38. Qg5 Re1+ 39. Kg2 Kf8 40.
Bc5+ Ke8 41. Kxg3 Bd3 42. Qg8+ Kd7 43. Qxf7+ Kc6 44. Qf6+ Kb7 45. Qb6+ Kc8 46.
Bd6 Kd7 47. Qc7+ Ke6 1-0

[Event "16. Torneo San Viator"]
[Site "Madrid ESP"]
[Date "2016.04.24"]
[Round "4.31"]
[White "Mosteiro Montoro, Alvaro"]
[Black "Campos Diaz, Fernando"]
[Result "1/2-1/2"]
[WhiteElo "1533"]
[BlackElo "1677"]
[PlyCount "101"]
[EventDate "2016.04.03"]
[EventType "swiss"]
[EventRounds "9"]
[EventCountry "ESP"]
[Source "lmi"]
[SourceDate "2016.04.03"]

1. d4 Nf6 2. Nf3 g6 3. c4 Bg7 4. Nc3 O-O 5. g3 d6 6. Bg2 c5 7. e3 cxd4 8. exd4
Nc6 9. O-O Bg4 10. Be3 Qd7 11. Qd2 Rfe8 12. a3 Bh3 13. b4 Bxg2 14. Kxg2 Ng4 15.
Rad1 Nxe3+ 16. Qxe3 Rac8 17. c5 d5 18. Rfe1 e5 19. dxe5 d4 20. Qd3 Nxe5 21.
Nxe5 Bxe5 22. Rxe5 Rxe5 23. Qxd4 Qxd4 24. Rxd4 b6 25. Na4 bxc5 26. Rc4 Re2 27.
Nxc5 a5 28. Kf3 Rb2 29. Ke3 axb4 30. axb4 Kg7 31. h4 Re8+ 32. Kf3 Ree2 33. Nd3
Rbc2 34. Rxc2 Rxc2 35. Ke3 Kf6 36. Kd4 Ke6 37. g4 h5 38. gxh5 gxh5 39. f3 Kf5
40. b5 Rc8 41. b6 f6 42. b7 Rb8 43. Nc5 Kf4 44. Kd5 Kxf3 45. Ke6 Kg4 46. Kxf6
Kxh4 47. Kg6 Kg4 48. Nd7 Rxb7 49. Nf6+ Kh4 50. Nxh5 Rb6+ 51. Nf6 1/2-1/2

[Event "16. Torneo San Viator"]
[Site "Madrid ESP"]
[Date "2016.05.08"]
[Round "5.1"]
[White "Renteria, Jorge"]
[Black "Unciti Juan, Javier"]
[Result "1-0"]
[WhiteElo "2258"]
[BlackElo "2048"]
[PlyCount "103"]
[EventDate "2016.04.03"]
[EventType "swiss"]
[EventRounds "9"]
[EventCountry "ESP"]
[Source "lmi"]
[SourceDate "2016.04.03"]

1. e4 e6 2. d4 d5 3. Nc3 dxe4 4. Nxe4 Nf6 5. Nxf6+ Qxf6 6. Nf3 h6 7. Bd3 Bd6 8.
Qe2 Nc6 9. c3 Bd7 10. Nd2 O-O-O 11. Ne4 Qe7 12. b4 f5 13. Nxd6+ Qxd6 14. O-O
Ne7 15. Re1 Nd5 16. Bd2 Rde8 17. Qe5 g5 18. c4 Qxe5 19. Rxe5 Ne7 20. Bc3 Ng6
21. Re3 Nf4 22. Bf1 Rhf8 23. g3 Rg8 24. Rae1 Ng6 25. Bd3 Nf4 26. Bf1 Ng6 27. b5
Kd8 28. Bb4 f4 29. Ra3 Kc8 30. Rxa7 Kb8 31. Ra3 e5 32. d5 e4 33. Bg2 f3 34. Bf1
h5 35. Rae3 Bf5 36. Bd3 Nf4 37. Bf1 Kc8 38. Kh1 Ne2 39. Bxe2 fxe2 40. R3xe2 Bg4
41. Re3 Bf3+ 42. Kg1 g4 43. Ra3 Kd7 44. c5 c6 45. bxc6+ bxc6 46. Ra7+ Kc8 47.
d6 Kb8 48. Ra6 h4 49. Bd2 Kc8 50. Ra7 Rg6 51. d7+ Kb8 52. dxe8=Q+ 1-0

[Event "16. Torneo San Viator"]
[Site "Madrid ESP"]
[Date "2016.05.08"]
[Round "5.2"]
[White "Perdomo Araujo, Angel Eduardo"]
[Black "Martinez Reyes, Pedro Ramon"]
[Result "0-1"]
[WhiteElo "2060"]
[BlackElo "2304"]
[PlyCount "40"]
[EventDate "2016.04.03"]
[EventType "swiss"]
[EventRounds "9"]
[EventCountry "ESP"]
[Source "lmi"]
[SourceDate "2016.04.03"]

1. b4 c6 2. Nf3 a5 3. bxa5 Rxa5 4. g3 e5 5. e4 Nf6 6. d3 Bc5 7. Bg2 d6 8. O-O
Be6 9. c4 O-O 10. Bd2 Ra6 11. Bc3 Nbd7 12. Nbd2 Qa8 13. Qc2 Qa7 14. a4 b6 15.
Nb3 Rxa4 16. Nxc5 Nxc5 17. Rxa4 Qxa4 18. Qd2 Qb3 19. Ra1 Nfxe4 20. dxe4 Nxe4
0-1

[Event "16. Torneo San Viator"]
[Site "Madrid ESP"]
[Date "2016.05.08"]
[Round "5.3"]
[White "Garcia Dorado, Alberto"]
[Black "Lozano Freras, Sergio"]
[Result "1-0"]
[WhiteElo "2062"]
[BlackElo "1925"]
[PlyCount "79"]
[EventDate "2016.04.03"]
[EventType "swiss"]
[EventRounds "9"]
[EventCountry "ESP"]
[Source "lmi"]
[SourceDate "2016.04.03"]

1. d4 Nf6 2. c4 c5 3. Nf3 e6 4. g3 d5 5. Bg2 cxd4 6. O-O Nc6 7. Nxd4 Be7 8. Nc3
O-O 9. e3 Bd7 10. cxd5 exd5 11. Nxd5 Nxd5 12. Bxd5 Bh3 13. Nxc6 bxc6 14. Bg2
Bxg2 15. Qxd8 Rfxd8 16. Kxg2 Bf6 17. Rb1 Rd3 18. e4 Rb8 19. b3 a5 20. Bf4 Re8
21. Rbe1 g5 22. Bc1 Kg7 23. e5 Rxe5 24. Rxe5 Bxe5 25. Bxg5 a4 26. Rb1 axb3 27.
Rxb3 Rd5 28. Be3 Ra5 29. a3 c5 30. Bc1 c4 31. Rb6 c3 32. Bh6+ Kg8 33. f4 Bc7
34. Rc6 Ra7 35. f5 Bd8 36. Rc8 Rd7 37. Bg5 f6 38. Bxf6 Kf7 39. Bxd8 Rd2+ 40.
Kh3 1-0

[Event "16. Torneo San Viator"]
[Site "Madrid ESP"]
[Date "2016.05.08"]
[Round "5.4"]
[White "Montes Gutierrez, Ignacio"]
[Black "Ruperez Benito, Antonio"]
[Result "0-1"]
[WhiteElo "2272"]
[BlackElo "2236"]
[PlyCount "98"]
[EventDate "2016.04.03"]
[EventType "swiss"]
[EventRounds "9"]
[EventCountry "ESP"]
[Source "lmi"]
[SourceDate "2016.04.03"]

1. b3 e5 2. Bb2 Nc6 3. e3 Nf6 4. Bb5 Bd6 5. Na3 a6 6. Bxc6 dxc6 7. Nc4 Qe7 8.
d4 e4 9. Nxd6+ cxd6 10. c4 d5 11. Qd2 O-O 12. Qa5 Re8 13. Rc1 Be6 14. Ne2 Nh5
15. Ba3 Qg5 16. Ng3 Rad8 17. cxd5 Bxd5 18. Qc7 b5 19. Be7 Qxe7 20. Qxe7 Rxe7
21. Nxh5 Rd6 22. Nf4 g5 23. Nxd5 cxd5 24. Ke2 f6 25. Rc8+ Kf7 26. Rhc1 Ke6 27.
Kd2 f5 28. Rf8 Rf7 29. Rxf7 Kxf7 30. Rc7+ Kg6 31. Kc3 f4 32. Kb4 Rf6 33. Rc2
Kf5 34. Kc5 Rf8 35. Rd2 Rd8 36. Kc6 f3 37. g3 Kg4 38. Kc7 Rf8 39. Kb6 Kh3 40.
Kxa6 h5 41. Kxb5 Kxh2 42. Kc6 Kg2 43. Kxd5 h4 44. gxh4 gxh4 45. Kxe4 h3 46. Kd3
h2 47. Rd1 Kxf2 48. e4 Kg2 49. Ke3 f2 0-1

[Event "16. Torneo San Viator"]
[Site "Madrid ESP"]
[Date "2016.05.08"]
[Round "5.5"]
[White "Lobato Rivero, Carlos"]
[Black "Fernandez Lledo, Javier"]
[Result "1/2-1/2"]
[WhiteElo "1963"]
[BlackElo "2248"]
[PlyCount "47"]
[EventDate "2016.04.03"]
[EventType "swiss"]
[EventRounds "9"]
[EventCountry "ESP"]
[Source "lmi"]
[SourceDate "2016.04.03"]

1. e4 c5 2. c3 Nf6 3. d3 Nc6 4. f4 d6 5. Nf3 e6 6. Be2 c4 7. Nbd2 cxd3 8. Bxd3
Be7 9. Qe2 a6 10. O-O Qc7 11. Nb3 h5 12. Nbd4 Bd7 13. Nxc6 Bxc6 14. Nd4 Qb6 15.
Kh1 Bd7 16. Be3 Ng4 17. Bg1 Qc7 18. Rac1 g5 19. f5 O-O-O 20. fxe6 fxe6 21. Bc4
Rh6 22. b4 d5 23. exd5 exd5 24. Qxe7 1/2-1/2

[Event "16. Torneo San Viator"]
[Site "Madrid ESP"]
[Date "2016.05.08"]
[Round "5.7"]
[White "Barahona Torrijos, Angel"]
[Black "Garcia Galeote, Lorenzo"]
[Result "1-0"]
[WhiteElo "1804"]
[BlackElo "2026"]
[PlyCount "95"]
[EventDate "2016.04.03"]
[EventType "swiss"]
[EventRounds "9"]
[EventCountry "ESP"]
[Source "lmi"]
[SourceDate "2016.04.03"]

1. e4 b6 2. d4 Bb7 3. Bd3 e6 4. Nf3 Nf6 5. Bg5 h6 6. Bxf6 Qxf6 7. Nbd2 c5 8. e5
Qd8 9. c3 Nc6 10. O-O cxd4 11. cxd4 d6 12. d5 exd5 13. Re1 Be7 14. e6 O-O 15.
Bf5 Kh8 16. Nb3 fxe6 17. Bxe6 d4 18. Nbxd4 Ne5 19. Nxe5 dxe5 20. Nf5 Bf6 21.
Qg4 Qe8 22. Nd6 Qe7 23. Nxb7 Qxb7 24. Qg6 Rfd8 25. Bf5 Kg8 26. Be4 Qc8 27. Rac1
Qd7 28. Bxa8 Rxa8 29. Red1 Rc8 30. Rxc8+ Qxc8 31. Qe4 Kf8 32. g3 Kg8 33. b4 Kf8
34. b5 Kg8 35. Qc6 Qg4 36. Rc1 Kh7 37. Qc2+ Qg6 38. Qxg6+ Kxg6 39. Rc7 e4 40.
Rxa7 Bd4 41. Kf1 Kf5 42. h3 h5 43. Re7 g5 44. Ke2 h4 45. Rd7 Ke5 46. gxh4 gxh4
47. Rh7 Kd5 48. Rxh4 1-0